[Event "Tradewise Gibraltar Masters 16th"]
[Site "Gibraltar"]
[Date "2018.01.24"]
[Round "2.125"]
[White "Walton, Alan J"]
[Black "Odeh, Kenneth"]
[Result "1-0"]
[WhiteElo "2194"]
[BlackElo "1922"]
[PlyCount "111"]
[EventDate "2018.01.23"]
[EventType "swiss"]
[EventRounds "10"]
[EventCountry "GGB"]
[SourceTitle "BritBase"]
[Source "www.saund.co.uk"]
[SourceDate "2018.02.10"]
[SourceVersion "1"]
[SourceVersionDate "2018.02.10"]
[SourceQuality "1"]

1. d4 g6 2. e4 Bg7 3. Nc3 c6 4. Be3 d5 5. e5 Nh6 6. Qd2 Nf5 7. Bf4 Qb6 8. Nf3
h5 9. Rb1 Bh6 10. Bd3 Bxf4 11. Qxf4 Na6 12. a3 Nc7 13. Bxf5 Bxf5 14. Qd2 Ne6
15. Ne2 Bg4 16. Nfg1 Bxe2 17. Nxe2 c5 18. dxc5 Qxc5 19. c3 Rc8 20. O-O Rd8 21.
Rbc1 d4 22. Nxd4 Nxd4 23. cxd4 Qxe5 24. dxe5 Rxd2 25. Rc8+ Rd8 26. Rc7 Rb8 27.
Rd1 O-O 28. Rxe7 Rfe8 29. Rdd7 Rxe7 30. Rxe7 a6 31. g3 Kf8 32. Rc7 b5 33. Rc6
Ra8 34. Kg2 Ke8 35. Kf3 Ra7 36. Ke3 Ra8 37. h3 Ra7 38. f4 Ra8 39. g4 hxg4 40.
hxg4 Ra7 41. f5 gxf5 42. gxf5 Ra8 43. Ke4 Kd7 44. Rd6+ Ke8 45. Kd5 Kf8 46. f6
Kg8 47. Ke4 Rc8 48. Kf4 Rc2 49. Rd8+ Kh7 50. Rf8 Rf2+ 51. Kg5 Rg2+ 52. Kf4 Rf2+
53. Ke3 Rxb2 54. Rxf7+ Kg8 55. e6 b4 56. Rg7+ 1-0

[Event "Tradewise Gibraltar Masters 16th"]
[Site "Gibraltar"]
[Date "2018.01.24"]
[Round "2.126"]
[White "Mozelius, Peter"]
[Black "Gonzalez Gonzalez, Alfonso"]
[Result "0-1"]
[WhiteElo "1871"]
[BlackElo "2192"]
[PlyCount "118"]
[EventDate "2018.01.23"]
[EventType "swiss"]
[EventRounds "10"]
[EventCountry "GGB"]
[SourceTitle "BritBase"]
[Source "www.saund.co.uk"]
[SourceDate "2018.02.10"]
[SourceVersion "1"]
[SourceVersionDate "2018.02.10"]
[SourceQuality "1"]

1. Nf3 Nc6 2. d4 d5 3. Bf4 Nf6 4. e3 Nh5 5. Bg5 h6 6. Bh4 g5 7. Bg3 Nxg3 8.
hxg3 Bg7 9. c3 a6 10. Bd3 e5 11. dxe5 Nxe5 12. Nxe5 Bxe5 13. Nd2 c5 14. Nf3 Bf6
15. Qc2 Be6 16. Rd1 Qe7 17. Kf1 Kf8 18. Qe2 Rd8 19. Qc2 Kg7 20. Bf5 b5 21. g4
a5 22. Bxe6 Qxe6 23. Qf5 Rhe8 24. g3 Qxf5 25. gxf5 g4 26. Nd2 a4 27. Kg2 Re5
28. Rh5 d4 29. cxd4 cxd4 30. e4 Rc8 31. f4 gxf3+ 32. Kxf3 Rc2 33. b3 Rxa2 34.
bxa4 Rc5 35. axb5 Rc3+ 36. Kg4 Rd3 37. Rdh1 Raxd2 38. Rxh6 Rg2 39. Rh7+ Kg8 40.
R7h3 Be5 41. Rc1 Rgxg3+ 42. Rxg3 Rxg3+ 43. Kh4 Rb3 44. Rc5 f6 45. Rd5 Kg7 46.
Kh5 Rh3+ 47. Kg4 Re3 48. b6 Kh6 49. b7 Rxe4+ 50. Kh3 Re3+ 51. Kg2 Rb3 52. Rd7
Kg5 53. Kf2 Kxf5 54. Ke2 Ke4 55. Rh7 f5 56. Kd2 d3 57. Re7 f4 58. Rd7 f3 59.
Rf7 Bf4+ 0-1

[Event "Tradewise Gibraltar Masters 16th"]
[Site "Gibraltar"]
[Date "2018.01.24"]
[Round "2.127"]
[White "Bendayan Claros, Aaron"]
[Black "Sajjadi, Kimiya"]
[Result "1/2-1/2"]
[WhiteElo "2191"]
[BlackElo "1911"]
[PlyCount "72"]
[EventDate "2018.01.23"]
[EventType "swiss"]
[EventRounds "10"]
[EventCountry "GGB"]
[SourceTitle "BritBase"]
[Source "www.saund.co.uk"]
[SourceDate "2018.02.10"]
[SourceVersion "1"]
[SourceVersionDate "2018.02.10"]
[SourceQuality "1"]

1. d4 e6 2. c4 Nf6 3. Nc3 Bb4 4. e3 O-O 5. Nge2 d5 6. a3 Bd6 7. Ng3 c6 8. Qc2
e5 9. cxd5 exd4 10. exd4 Nxd5 11. Nce4 Re8 12. Be2 Nf4 13. Bxf4 Bxf4 14. Rd1
Qa5+ 15. Nc3 Bg4 16. O-O Bxe2 17. Ngxe2 Bd6 18. d5 Be5 19. Rd3 Qc7 20. g3 cxd5
21. Rfd1 Nd7 22. Qd2 Nf6 23. Nxd5 Nxd5 24. Rxd5 Qb6 25. b4 Qa6 26. Rd7 Bf6 27.
Nf4 Qxa3 28. Qd5 Qxb4 29. Qxf7+ Kh8 30. Ne6 Qc4 31. R1d5 Qg4 32. Nf4 Rf8 33.
Qe6 Qxe6 34. Nxe6 Rfe8 35. Nc7 Re1+ 36. Kg2 Rc8 1/2-1/2

[Event "Tradewise Gibraltar Masters 16th"]
[Site "Gibraltar"]
[Date "2018.01.24"]
[Round "2.128"]
[White "Gillis Onieva, Celia"]
[Black "Barthel, Ansgar"]
[Result "1/2-1/2"]
[WhiteElo "1848"]
[BlackElo "2187"]
[PlyCount "94"]
[EventDate "2018.01.23"]
[EventType "swiss"]
[EventRounds "10"]
[EventCountry "GGB"]
[SourceTitle "BritBase"]
[Source "www.saund.co.uk"]
[SourceDate "2018.02.10"]
[SourceVersion "1"]
[SourceVersionDate "2018.02.10"]
[SourceQuality "1"]

1. c4 e6 2. Nf3 d5 3. d4 c5 4. cxd5 exd5 5. g3 Nc6 6. Bg2 Nf6 7. O-O Be7 8. Nc3
O-O 9. Bg5 cxd4 10. Nxd4 h6 11. Be3 Bg4 12. Qa4 Ne5 13. Rad1 Nc4 14. Bc1 Nb6
15. Qb5 a6 16. Qb3 a5 17. h3 Bd7 18. a4 Rc8 19. Ndb5 Rc4 20. Bxd5 Rb4 21. Qa2
Nbxd5 22. Nxd5 Nxd5 23. Rxd5 Qe8 24. Bd2 Bxh3 25. Bxb4 Bxb4 26. Qc4 Bxf1 27.
Kxf1 Qe6 28. Kg2 Qc6 29. Qe4 Re8 30. Qf3 b6 31. Rd3 Qxf3+ 32. Kxf3 Rc8 33. Nd4
g6 34. b3 Kg7 35. Ke4 Bc5 36. e3 Kf6 37. Kd5 h5 38. Ke4 Rd8 39. Rc3 Rd6 40. Nb5
Rd2 41. f4 Rg2 42. Kf3 Rb2 43. Nd4 Rd2 44. Nc6 Bd6 45. Nd4 Bc5 46. Nc6 Bd6 47.
Nd4 Bc5 1/2-1/2

[Event "Tradewise Gibraltar Masters 16th"]
[Site "Gibraltar"]
[Date "2018.01.24"]
[Round "2.129"]
[White "Pinho, Paulo"]
[Black "Obiamiwe, Paul"]
[Result "0-1"]
[WhiteElo "2186"]
[BlackElo "1891"]
[PlyCount "64"]
[EventDate "2018.01.23"]
[EventType "swiss"]
[EventRounds "10"]
[EventCountry "GGB"]
[SourceTitle "BritBase"]
[Source "www.saund.co.uk"]
[SourceDate "2018.02.10"]
[SourceVersion "1"]
[SourceVersionDate "2018.02.10"]
[SourceQuality "1"]

1. d4 Nf6 2. c4 g6 3. Nc3 Bg7 4. e4 d6 5. Be2 O-O 6. Nf3 e5 7. O-O Nc6 8. d5
Ne7 9. Ne1 Nd7 10. Be3 f5 11. f3 f4 12. Bf2 g5 13. a4 a5 14. Nd3 b6 15. Be1 h5
16. Nb5 Ng6 17. b4 Rf7 18. c5 Bf8 19. cxb6 cxb6 20. Rc1 Nf6 21. Nb2 g4 22. Nc4
axb4 23. Bxb4 g3 24. Bd3 Ne8 25. h3 Nh4 26. Re1 Rg7 27. Rc2 Rxa4 28. Ncxd6 Nxd6
29. Bxd6 Bxd6 30. Nxd6 Bxh3 31. Nc4 b5 32. Nxe5 Qb6+ 0-1

[Event "Tradewise Gibraltar Masters 16th"]
[Site "Gibraltar"]
[Date "2018.01.24"]
[Round "2.130"]
[White "Gravett, Alan D"]
[Black "Barraza Caracuel, Ignacio"]
[Result "0-1"]
[WhiteElo "1825"]
[BlackElo "2185"]
[PlyCount "52"]
[EventDate "2018.01.23"]
[EventType "swiss"]
[EventRounds "10"]
[EventCountry "GGB"]
[SourceTitle "BritBase"]
[Source "www.saund.co.uk"]
[SourceDate "2018.02.10"]
[SourceVersion "1"]
[SourceVersionDate "2018.02.10"]
[SourceQuality "1"]

1. g3 d5 2. Bg2 c6 3. Nf3 Nf6 4. O-O Bf5 5. d3 e6 6. b3 h6 7. Bb2 Be7 8. Nbd2
O-O 9. Nh4 Bh7 10. e4 Nfd7 11. exd5 cxd5 12. Nhf3 Nc6 13. Re1 Bf6 14. Bxf6 Qxf6
15. Nf1 Rac8 16. c4 Nb4 17. a3 Nxd3 18. Re3 dxc4 19. bxc4 N7c5 20. Ra2 Rfd8 21.
Rd2 Nb2 22. Qa1 Nxc4 23. Qxf6 gxf6 24. Rxd8+ Rxd8 25. Rc3 b5 26. a4 Nxa4 0-1

[Event "Tradewise Gibraltar Masters 16th"]
[Site "Gibraltar"]
[Date "2018.01.24"]
[Round "2.131"]
[White "Guthrie, David"]
[Black "Lochte, Szilvia"]
[Result "1-0"]
[WhiteElo "2181"]
[BlackElo "1862"]
[PlyCount "55"]
[EventDate "2018.01.23"]
[EventType "swiss"]
[EventRounds "10"]
[EventCountry "GGB"]
[SourceTitle "BritBase"]
[Source "www.saund.co.uk"]
[SourceDate "2018.02.10"]
[SourceVersion "1"]
[SourceVersionDate "2018.02.10"]
[SourceQuality "1"]

1. d4 d5 2. c4 c6 3. Nc3 Nf6 4. Nf3 a6 5. c5 Bf5 6. Bf4 Nbd7 7. e3 e6 8. h3 h6
9. b4 b5 10. Be2 Be7 11. O-O O-O 12. a4 Qc8 13. Qb3 Re8 14. axb5 axb5 15. Nxb5
cxb5 16. Bxb5 Qb7 17. Ba4 Rec8 18. Rfc1 Nb8 19. b5 Ne8 20. b6 f6 21. Bxb8 Raxb8
22. Bb5 Ra8 23. Nh4 Bh7 24. Rxa8 Rxa8 25. Bxe8 Rxe8 26. c6 Qa6 27. c7 Qb7 28.
Qb5 1-0

[Event "Tradewise Gibraltar Masters 16th"]
[Site "Gibraltar"]
[Date "2018.01.24"]
[Round "2.132"]
[White "Wilson, Matthew R"]
[Black "Sahl, Sheila Barth"]
[Result "0-1"]
[WhiteElo "1782"]
[BlackElo "2178"]
[PlyCount "68"]
[EventDate "2018.01.23"]
[EventType "swiss"]
[EventRounds "10"]
[EventCountry "GGB"]
[SourceTitle "BritBase"]
[Source "www.saund.co.uk"]
[SourceDate "2018.02.10"]
[SourceVersion "1"]
[SourceVersionDate "2018.02.10"]
[SourceQuality "1"]

1. e4 c5 2. Nc3 a6 3. f4 b5 4. Nf3 Bb7 5. d3 e6 6. Be2 d5 7. f5 exf5 8. exf5
Nf6 9. O-O Be7 10. Qe1 O-O 11. Qg3 b4 12. Nd1 Bd6 13. Qh4 Re8 14. Rf2 Nbd7 15.
Ne3 Ne5 16. Nxe5 Bxe5 17. Kh1 Ne4 18. Rf4 Bxf4 19. Qxf4 Nd6 20. Bf3 d4 21. Nf1
Bxf3 22. Qxf3 Qd7 23. g4 Qb7 24. Qxb7 Nxb7 25. Bf4 Re2 26. Nd2 Rf2 27. Rf1
Rxf1+ 28. Nxf1 Re8 29. Kg1 Re1 30. Kf2 Rb1 31. b3 Rb2 32. Kf3 Rxa2 33. Ke4 Rxc2
34. Kd5 Rf2 0-1

[Event "Tradewise Gibraltar Masters 16th"]
[Site "Gibraltar"]
[Date "2018.01.24"]
[Round "2.133"]
[White "Weisbuch, Udi"]
[Black "Opasiak, Dustin Tennessee"]
[Result "1-0"]
[WhiteElo "2177"]
[BlackElo "1797"]
[PlyCount "35"]
[EventDate "2018.01.23"]
[EventType "swiss"]
[EventRounds "10"]
[EventCountry "GGB"]
[SourceTitle "BritBase"]
[Source "www.saund.co.uk"]
[SourceDate "2018.02.10"]
[SourceVersion "1"]
[SourceVersionDate "2018.02.10"]
[SourceQuality "1"]

1. e4 e6 2. d4 d5 3. Nd2 Nc6 4. Ngf3 Nf6 5. e5 Nd7 6. Be2 f6 7. exf6 Qxf6 8.
Nf1 Bd6 9. Ne3 O-O 10. O-O h6 11. b3 Ne7 12. Bb2 Ng6 13. g3 c6 14. c4 e5 15.
cxd5 e4 16. Nd2 cxd5 17. Nxd5 Qf5 18. Ne3 1-0

[Event "Tradewise Gibraltar Masters 16th"]
[Site "Gibraltar"]
[Date "2018.01.24"]
[Round "2.134"]
[White "Francois-Haugrin, Said"]
[Black "Lochte, Thomas"]
[Result "0-1"]
[WhiteElo "1714"]
[BlackElo "2169"]
[PlyCount "88"]
[EventDate "2018.01.23"]
[EventType "swiss"]
[EventRounds "10"]
[EventCountry "GGB"]
[SourceTitle "BritBase"]
[Source "www.saund.co.uk"]
[SourceDate "2018.02.10"]
[SourceVersion "1"]
[SourceVersionDate "2018.02.10"]
[SourceQuality "1"]

1. e4 e5 2. Nc3 Nf6 3. f4 d5 4. exd5 e4 5. Bb5+ c6 6. dxc6 bxc6 7. Bc4 Bc5 8.
Na4 Bxg1 9. h3 Qd4 10. Qe2 Bh2 11. d3 Bg3+ 12. Kf1 O-O 13. Be3 exd3 14. cxd3
Qd6 15. Qf3 Be6 16. Qxg3 Bxc4 17. dxc4 Qd3+ 18. Kg1 Re8 19. Bf2 Qxc4 20. Nc3
Nbd7 21. Kh2 Nh5 22. Qg4 Qxf4+ 23. Qxf4 Nxf4 24. Rad1 Ne5 25. Bg3 Nfd3 26. Bxe5
Nxe5 27. Rhe1 Rab8 28. b3 f5 29. Na4 Rb7 30. Rf1 g6 31. Nc5 Rb5 32. Nd7 Re7 33.
Nxe5 Rbxe5 34. Rd6 Re2 35. a4 Rb2 36. Rxc6 Ree2 37. Rg1 f4 38. Rc3 g5 39. Rf3
Kg7 40. h4 h6 41. hxg5 hxg5 42. Kh3 Kg6 43. g3 Kf5 44. gxf4 g4+ 0-1

[Event "Tradewise Gibraltar Masters 16th"]
[Site "Gibraltar"]
[Date "2018.01.24"]
[Round "2.135"]
[White "Makka, Ioulia"]
[Black "Klementys, Jerzy"]
[Result "1-0"]
[WhiteElo "2167"]
[BlackElo "1739"]
[PlyCount "91"]
[EventDate "2018.01.23"]
[EventType "swiss"]
[EventRounds "10"]
[EventCountry "GGB"]
[SourceTitle "BritBase"]
[Source "www.saund.co.uk"]
[SourceDate "2018.02.10"]
[SourceVersion "1"]
[SourceVersionDate "2018.02.10"]
[SourceQuality "1"]

1. e4 c5 2. Nf3 d6 3. d4 cxd4 4. Nxd4 Nf6 5. Nc3 a6 6. Be2 e5 7. Nb3 Be6 8. f4
Be7 9. f5 Bd7 10. a4 Bc6 11. Bf3 b6 12. O-O Nbd7 13. Qe2 Qc7 14. Kh1 h6 15. Be3
Qb7 16. Bg1 O-O 17. Rfd1 b5 18. Na5 Qc7 19. Nxc6 Qxc6 20. axb5 axb5 21. Qxb5
Qxb5 22. Nxb5 Rxa1 23. Rxa1 Rb8 24. c4 Nc5 25. Ra7 Bf8 26. Bxc5 dxc5 27. Kg1
Rd8 28. Kf1 Rd2 29. Ra2 Rc2 30. Na3 Rd2 31. Nb5 Rc2 32. Nc3 Nd7 33. Ke1 Nb8 34.
Kd1 Rf2 35. Ne2 Nc6 36. Ke1 Nb4 37. Ra3 Rxe2+ 38. Kxe2 Nc2 39. Ra8 Nd4+ 40. Kd3
Nxf3 41. gxf3 f6 42. b4 cxb4 43. c5 Kf7 44. c6 Bd6 45. Rd8 Ke7 46. Rd7+ 1-0

[Event "Tradewise Gibraltar Masters 16th"]
[Site "Gibraltar"]
[Date "2018.01.24"]
[Round "2.136"]
[White "Movileanu, Daniela"]
[Black "Yilmaz, Kazim"]
[Result "1-0"]
[WhiteElo "2163"]
[BlackElo "1656"]
[PlyCount "153"]
[EventDate "2018.01.23"]
[EventType "swiss"]
[EventRounds "10"]
[EventCountry "GGB"]
[SourceTitle "BritBase"]
[Source "www.saund.co.uk"]
[SourceDate "2018.02.10"]
[SourceVersion "1"]
[SourceVersionDate "2018.02.10"]
[SourceQuality "1"]

1. e4 e5 2. Nf3 Nc6 3. Bb5 Nf6 4. d3 Bc5 5. Bxc6 dxc6 6. Nbd2 Bg4 7. h3 Bxf3 8.
Nxf3 Qe7 9. Qe2 O-O-O 10. Bd2 h6 11. O-O-O Rd7 12. Kb1 Kb8 13. g4 g5 14. Rdg1
Nh7 15. h4 f6 16. hxg5 hxg5 17. Rh6 Rhd8 18. Ne1 Nf8 19. Qf3 Rd6 20. Ng2 Nd7
21. Rgh1 Rf8 22. Be3 Bd4 23. Rh7 Qd8 24. Bxd4 exd4 25. Qf5 Ne5 26. f4 gxf4 27.
Nxf4 Qc8 28. Rg7 Qxf5 29. gxf5 Rd7 30. Rxd7 Nxd7 31. Ne6 Rg8 32. Nxd4 c5 33.
Ne6 b6 34. b3 Nf8 35. Nxf8 Rxf8 36. Rh7 Kb7 37. a4 Kc6 38. Kb2 a6 39. Kc3 Kd6
40. Kc4 Kc6 41. b4 cxb4 42. Kxb4 Kd6 43. Kc4 c5 44. Ra7 a5 45. Kb5 Rb8 46. Rf7
Ke5 47. Kc4 Rd8 48. Re7+ Kd6 49. Re6+ Kc7 50. c3 Rf8 51. d4 cxd4 52. cxd4 Rf7
53. Kb5 Rd7 54. d5 Rf7 55. Rxb6 Rf8 56. Rc6+ Kd7 57. Kxa5 Ra8+ 58. Kb5 Rb8+ 59.
Rb6 Re8 60. Re6 Rb8+ 61. Kc5 Rc8+ 62. Kd4 Ra8 63. Rxf6 Rxa4+ 64. Ke5 Ra5 65.
Rf7+ Ke8 66. Rb7 Kd8 67. f6 Ke8 68. Ke6 Ra6+ 69. d6 Rxd6+ 70. Kxd6 Kf8 71. Ke6
Kg8 72. f7+ Kg7 73. Ke7 Kg6 74. f8=Q Kg5 75. Rb1 Kg4 76. Rg1+ Kh3 77. Qh6# 1-0

[Event "Tradewise Gibraltar Masters 16th"]
[Site "Gibraltar"]
[Date "2018.01.24"]
[Round "2.137"]
[White "Bullock, Lee"]
[Black "Verneuil, Pascal"]
[Result "0-1"]
[WhiteElo "1572"]
[BlackElo "2159"]
[PlyCount "46"]
[EventDate "2018.01.23"]
[EventType "swiss"]
[EventRounds "10"]
[EventCountry "GGB"]
[SourceTitle "BritBase"]
[Source "www.saund.co.uk"]
[SourceDate "2018.02.10"]
[SourceVersion "1"]
[SourceVersionDate "2018.02.10"]
[SourceQuality "1"]

1. e4 c5 2. d4 cxd4 3. c3 dxc3 4. Nxc3 Nc6 5. Nf3 e6 6. Bc4 a6 7. O-O b5 8. Bb3
Bc5 9. Qe2 Nge7 10. Bg5 f6 11. Bf4 Ng6 12. Bg3 O-O 13. Rfd1 Qe7 14. Rac1 Nge5
15. Nh4 Rf7 16. Nd5 Qf8 17. Nf3 Nxf3+ 18. Qxf3 Nd4 19. Rxd4 Bxd4 20. Ne3 Be5
21. Bh4 Kh8 22. Qe2 Bb7 23. f4 Bxf4 0-1

[Event "Tradewise Gibraltar Masters 16th"]
[Site "Gibraltar"]
[Date "2018.01.25"]
[Round "3.2"]
[White "Moroni, Luca Jr"]
[Black "Duda, Jan-Krzysztof"]
[Result "0-1"]
[WhiteElo "2547"]
[BlackElo "2724"]
[PlyCount "136"]
[EventDate "2018.01.23"]
[EventType "swiss"]
[EventRounds "10"]
[EventCountry "GGB"]
[SourceTitle "BritBase"]
[Source "www.saund.co.uk"]
[SourceDate "2018.02.10"]
[SourceVersion "1"]
[SourceVersionDate "2018.02.10"]
[SourceQuality "1"]

1. d4 Nf6 2. Nf3 g6 3. Nc3 d5 4. Bf4 Bg7 5. Nb5 Na6 6. e3 c6 7. Nc3 Nc7 8. h3
O-O 9. Bd3 Nce8 10. a4 a5 11. Be5 Nd6 12. Qe2 b6 13. O-O Bb7 14. b3 e6 15. Rfe1
Qe7 16. Rad1 Rfd8 17. Nd2 c5 18. Nb5 Nxb5 19. Bxb5 cxd4 20. Bxd4 Qc7 21. c4 e5
22. Bb2 d4 23. exd4 exd4 24. Qe7 Qxe7 25. Rxe7 Rab8 26. Rc7 Ba8 27. Kf1 Bf8 28.
Nf3 Bxf3 29. gxf3 Bc5 30. Bc1 Rbc8 31. Rxc8 Rxc8 32. Ke2 Rc7 33. Kd3 Re7 34.
Bd2 Re5 35. Rb1 Rf5 36. Bc6 Nh5 37. b4 axb4 38. Bxb4 Nf4+ 39. Ke4 Nxh3 40. Bxc5
bxc5 41. Rb2 Ng5+ 42. Kd3 Nxf3 43. Bxf3 Rxf3+ 44. Ke4 Ra3 45. Kd5 Rxa4 46. Kxc5
d3 47. Rd2 Kg7 48. Rxd3 Ra2 49. f3 Rc2 50. Kd5 h5 51. c5 g5 52. c6 h4 53. Kd6
h3 54. c7 f5 55. Ke5 h2 56. Rd7+ Kg6 57. Rd6+ Kh5 58. Rd8 Rxc7 59. Rh8+ Kg6 60.
Rxh2 Rc3 61. Rf2 Re3+ 62. Kd5 f4 63. Rf1 Kf5 64. Kd4 Ra3 65. Kd5 g4 66. fxg4+
Kxg4 67. Ke4 Re3+ 68. Kd4 Kg3 0-1

[Event "Tradewise Gibraltar Masters 16th"]
[Site "Gibraltar"]
[Date "2018.01.25"]
[Round "3.3"]
[White "Lalith, Babu M R"]
[Black "Adams, Michael"]
[Result "1/2-1/2"]
[WhiteElo "2542"]
[BlackElo "2709"]
[PlyCount "60"]
[EventDate "2018.01.23"]
[EventType "swiss"]
[EventRounds "10"]
[EventCountry "GGB"]
[SourceTitle "BritBase"]
[Source "www.saund.co.uk"]
[SourceDate "2018.02.10"]
[SourceVersion "1"]
[SourceVersionDate "2018.02.10"]
[SourceQuality "1"]

1. d4 Nf6 2. c4 e6 3. g3 d5 4. Nf3 dxc4 5. Bg2 c5 6. Qa4+ Nbd7 7. O-O a6 8.
dxc5 Bxc5 9. Qxc4 b5 10. Qb3 Bb7 11. Nh4 Bxg2 12. Nxg2 O-O 13. Nc3 Be7 14. Be3
Nc5 15. Bxc5 Bxc5 16. Nf4 Rc8 17. Nd3 Bd4 18. Rfc1 Qb6 19. a4 Ng4 20. Rf1 Rb8
21. axb5 axb5 22. Qb4 Rfc8 23. e3 Ne5 24. Nxe5 Bxe5 25. Rfd1 Qb7 26. Ra5 Bxc3
27. bxc3 h6 28. Rb1 Qc6 29. Rxb5 Rxb5 30. Qxb5 Qxb5 1/2-1/2

[Event "Tradewise Gibraltar Masters 16th"]
[Site "Gibraltar"]
[Date "2018.01.25"]
[Round "3.4"]
[White "Rapport, Richard"]
[Black "Mikhalevski, Victor"]
[Result "1/2-1/2"]
[WhiteElo "2700"]
[BlackElo "2538"]
[PlyCount "62"]
[EventDate "2018.01.23"]
[EventType "swiss"]
[EventRounds "10"]
[EventCountry "GGB"]
[SourceTitle "BritBase"]
[Source "www.saund.co.uk"]
[SourceDate "2018.02.10"]
[SourceVersion "1"]
[SourceVersionDate "2018.02.10"]
[SourceQuality "1"]

1. Nf3 Nf6 2. c4 g6 3. Nc3 d5 4. cxd5 Nxd5 5. Qa4+ Nc6 6. Nd4 Qd7 7. Nxd5 Qxd5
8. Nxc6 Qxc6 9. Qxc6+ bxc6 10. g3 Rb8 11. Bg2 c5 12. d3 Bg7 13. Rb1 O-O 14. b3
c4 15. dxc4 Bf5 16. e4 Be6 17. Be3 Bxc4 18. Rc1 Bd3 19. f4 Bb2 20. Rc6 e5 21.
Kf2 Rfe8 22. Rxc7 exf4 23. Bxf4 Bxe4 24. Bxe4 Rxe4 25. Kf3 Re6 26. Rd1 a6 27.
Rxf7 Rxb3+ 28. axb3 Kxf7 29. Rd7+ Re7 30. Rd6 Re6 31. Rd7+ Re7 1/2-1/2

[Event "Tradewise Gibraltar Masters 16th"]
[Site "Gibraltar"]
[Date "2018.01.25"]
[Round "3.5"]
[White "Howell, David W L"]
[Black "Dzagnidze, Nana"]
[Result "1-0"]
[WhiteElo "2682"]
[BlackElo "2522"]
[PlyCount "89"]
[EventDate "2018.01.23"]
[EventType "swiss"]
[EventRounds "10"]
[EventCountry "GGB"]
[SourceTitle "BritBase"]
[Source "www.saund.co.uk"]
[SourceDate "2018.02.10"]
[SourceVersion "1"]
[SourceVersionDate "2018.02.10"]
[SourceQuality "1"]

1. c4 e5 2. Nc3 Nf6 3. Nf3 Nc6 4. g3 Bc5 5. Bg2 d6 6. e3 O-O 7. O-O a6 8. h3
Ba7 9. d4 h6 10. dxe5 dxe5 11. Qxd8 Rxd8 12. g4 Rd3 13. Ne1 Rd8 14. b3 Ne7 15.
Ba3 Ng6 16. Nd5 Ne8 17. Ne7+ Nxe7 18. Bxe7 Rd7 19. Ba3 c6 20. Nf3 Bb8 21. Nh4
Bd6 22. Bb2 Rd8 23. f4 Be7 24. Nf3 e4 25. Nd4 c5 26. Ba3 Bf8 27. Ne2 f5 28.
gxf5 Rd3 29. Rad1 Rxe3 30. Kf2 Rd3 31. Ng3 Rb8 32. Bxe4 Rxd1 33. Rxd1 Nf6 34.
Rd8 b6 35. Bb2 Nxe4+ 36. Nxe4 Kf7 37. f6 gxf6 38. Bxf6 Ra8 39. Bh4 Rb8 40. f5
Ra8 41. f6 b5 42. Bg3 bxc4 43. bxc4 a5 44. Bd6 Bb7 45. Rd7+ 1-0

[Event "Tradewise Gibraltar Masters 16th"]
[Site "Gibraltar"]
[Date "2018.01.25"]
[Round "3.6"]
[White "Grandelius, Nils"]
[Black "Steinberg, Nitzan"]
[Result "1-0"]
[WhiteElo "2647"]
[BlackElo "2512"]
[PlyCount "73"]
[EventDate "2018.01.23"]
[EventType "swiss"]
[EventRounds "10"]
[EventCountry "GGB"]
[SourceTitle "BritBase"]
[Source "www.saund.co.uk"]
[SourceDate "2018.02.10"]
[SourceVersion "1"]
[SourceVersionDate "2018.02.10"]
[SourceQuality "1"]

1. c4 c6 2. Nf3 d5 3. g3 g6 4. Qa4 d4 5. e3 dxe3 6. fxe3 Bg7 7. d4 Nf6 8. Bg2
O-O 9. O-O Nbd7 10. c5 e5 11. Nc3 Qe7 12. b4 Re8 13. Bd2 Nd5 14. Nxd5 cxd5 15.
e4 dxe4 16. Ng5 e3 17. Qb3 Bf6 18. Bxe3 exd4 19. Bf4 Ne5 20. Rae1 Bf5 21. Bd5
Qd7 22. Rxe5 Rxe5 23. Bxf7+ Kh8 24. Bxe5 Bxe5 25. Bd5 Re8 26. g4 Bc2 27. Qf3
Qe7 28. Nf7+ Kg7 29. Qh3 h5 30. gxh5 Bc7 31. Qg4 Qe3+ 32. Kh1 Qe2 33. Qxd4+ Be5
34. h6+ Kh7 35. Ng5+ Kxh6 36. Qh4+ Qh5 37. Nf7+ 1-0

[Event "Tradewise Gibraltar Masters 16th"]
[Site "Gibraltar"]
[Date "2018.01.25"]
[Round "3.7"]
[White "Muzychuk, Mariya"]
[Black "Sethuraman, SP."]
[Result "1/2-1/2"]
[WhiteElo "2540"]
[BlackElo "2646"]
[PlyCount "71"]
[EventDate "2018.01.23"]
[EventType "swiss"]
[EventRounds "10"]
[EventCountry "GGB"]
[SourceTitle "BritBase"]
[Source "www.saund.co.uk"]
[SourceDate "2018.02.10"]
[SourceVersion "1"]
[SourceVersionDate "2018.02.10"]
[SourceQuality "1"]

1. e4 c5 2. Nf3 e6 3. d4 cxd4 4. Nxd4 Nc6 5. Nc3 Qc7 6. Be3 a6 7. Qf3 Nf6 8.
O-O-O h5 9. Nxc6 dxc6 10. h3 b5 11. Bg5 Nd7 12. e5 Bb7 13. Bf4 c5 14. Qe3 Nb6
15. Be2 h4 16. Bf3 Be7 17. Bxb7 Qxb7 18. Ne4 Nd5 19. Qf3 O-O-O 20. Nd6+ Bxd6
21. exd6 Rd7 22. Be5 Rg8 23. Rhe1 Qc6 24. Qe4 g5 25. c4 bxc4 26. Qxc4 Kb7 27.
Rd2 Nb6 28. Qe4 Qxe4 29. Rxe4 Nd5 30. Rc4 Rc8 31. Kb1 f6 32. Bh2 Nb6 33. Rc3
Nd5 34. Rc4 Nb6 35. Rc3 Nd5 36. Rc4 1/2-1/2

[Event "Tradewise Gibraltar Masters 16th"]
[Site "Gibraltar"]
[Date "2018.01.25"]
[Round "3.8"]
[White "Swapnil, S. Dhopade"]
[Black "Edouard, Romain"]
[Result "1/2-1/2"]
[WhiteElo "2533"]
[BlackElo "2613"]
[PlyCount "188"]
[EventDate "2018.01.23"]
[EventType "swiss"]
[EventRounds "10"]
[EventCountry "GGB"]
[SourceTitle "BritBase"]
[Source "www.saund.co.uk"]
[SourceDate "2018.02.10"]
[SourceVersion "1"]
[SourceVersionDate "2018.02.10"]
[SourceQuality "1"]

1. d4 Nf6 2. c4 e6 3. Nf3 c5 4. d5 d6 5. Nc3 exd5 6. cxd5 g6 7. Bf4 a6 8. a4
Bg7 9. h3 O-O 10. e3 Qe7 11. Be2 Nfd7 12. O-O Ne5 13. Nd2 f5 14. Bh2 Nbd7 15.
Ra3 Nf7 16. a5 g5 17. Rb3 Kh8 18. Qc2 g4 19. hxg4 fxg4 20. Bxg4 Nde5 21. Be2
Rg8 22. e4 Bh6 23. Nd1 Bg4 24. Bxg4 Nxg4 25. Bg3 Rae8 26. Nc4 Nfe5 27. Nxe5
Nxe5 28. Ne3 Bxe3 29. Rxe3 Ng4 30. Qc3+ Rg7 31. Rf3 Qxe4 32. Bxd6 Kg8 33. Bxc5
Qxd5 34. Rd3 Qh5 35. Rh3 Qd5 36. Rd3 Qh5 37. Rh3 Qd5 38. Qd4 Re5 39. Qxd5+ Rxd5
40. Bb4 h5 41. Re1 Rf5 42. f3 Nf6 43. Bc3 Rgg5 44. Bd2 Rg6 45. Kh2 Rb5 46. b4
Rd5 47. Bc3 Kf7 48. Rh4 Rdg5 49. Re2 Nd5 50. Bd2 Rf5 51. Rc4 Re6 52. Ree4 Rfe5
53. Red4 Rc6 54. Rxc6 bxc6 55. Kg1 Ke6 56. Kf2 Kd7 57. Rc4 Ne7 58. Be3 Nf5 59.
Bc5 Rd5 60. g4 hxg4 61. fxg4 Nh4 62. Rf4 Ng6 63. Rf7+ Ke6 64. Ra7 Ne5 65. Rxa6
Rd8 66. g5 Rg8 67. Rb6 Kd5 68. a6 Nd3+ 69. Kf3 Nxc5 70. bxc5 Ra8 71. Rb1 Rxa6
72. Rc1 Ra3+ 73. Kg4 Ra4+ 74. Kf5 Ra2 75. g6 Rf2+ 76. Kg5 Rg2+ 77. Kf6 Rf2+ 78.
Ke7 Rg2 79. Kf7 Rf2+ 80. Kg8 Rg2 81. g7 Rg3 82. Kf7 Rf3+ 83. Kg8 Rg3 84. Rh1
Kxc5 85. Rh6 Kd5 86. Kf7 Rxg7+ 87. Kxg7 c5 88. Kf6 c4 89. Kf5 c3 90. Rh8 Kd4
91. Kf4 c2 92. Rc8 Kd3 93. Kf3 Kd2 94. Rd8+ Kc3 1/2-1/2